<An> introduction to philosophy and ethics context

Guardado en:
Detalles Bibliográficos
Autor principal: Thompson, Mel
Formato: Libro
Lenguaje:inglés
Publicado: London Hodder Murray 2003
Colección:Access to philosophy
Materias:
Etiquetas: Agregar Etiqueta
Sin Etiquetas, Sea el primero en etiquetar este registro!

MARC

LEADER 00000nam$a2200000$$$4500
001 0066863
005 20231215114940.5
020 |a 0-340-87642-5 
041 0 |a eng 
044 |a GB 
245 1 0 |a <An> introduction to philosophy and ethics  |b context  |c Mel Thompson 
264 1 |a London  |b Hodder Murray  |c 2003 
300 |a xii, 235 s. 
490 1 |a Access to philosophy 
830 0 |a Access to philosophy 
610 2 0 |a filozofia 
610 2 0 |a etika 
610 2 0 |a náboženstvo 
610 2 0 |a smery filozofické 
610 2 0 |a svetonázor 
610 2 0 |a osobnosť 
100 1 |a Thompson, Mel